| 000 | 01747nam a2200421 a 4500 | ||
|---|---|---|---|
| 001 | 000008718 | ||
| 003 | DO-SdBNP | ||
| 005 | 20170925123754.0 | ||
| 007 | 000008718 | ||
| 008 | 090918s1996 dr a 001 0 spa d | ||
| 040 |
_aBPMSU _bspa _cBPMSU |
||
| 082 | 4 |
_aRD860.9 _bD722s |
|
| 245 | 0 | 0 |
_aDos siglos de literatura dominicana : _b(S. XIX - XX) / _cSelección, prólogo y notas José Alcántara Almánzar, Manuel Rueda ; edición Arístides Incháustegu, Blanca Delgado Malagón. |
| 260 |
_aSanto Domingo : _bCorripio, _c1996. |
||
| 300 |
_a2v. _bil. ; _c24 cm. |
||
| 490 | 1 |
_aSesquicentenario de la Independencia Nacional. _v10 |
|
| 500 | _aIncluye índice de ilustraciones | ||
| 500 | _aLa biblioteca posee v.2 | ||
| 504 | _aIncluye referencias bibliográficas y notas al pie de las páginas | ||
| 505 |
_gv. 1. _tPoesía (Siglo XIX-XX) -- _gv. 2. _tProsa (Siglo XIX - XX). |
||
| 650 | 4 |
_aLITERATURA DOMINICANA _xHISTORIA Y CRÍTICA |
|
| 650 | 4 |
_aLITERATURA DOMINICANA _xCOLECCIONES DE ESCRITOS |
|
| 650 | 4 |
_aREPÚBLICA DOMINICANA _xANTOLOGÍAS LITERARIAS |
|
| 650 | 4 |
_aAUTORES DOMINICANOS _xCOLECCIONES DE ESCRITOS |
|
| 650 | 4 |
_aLITERATURA DOMINICANA _ySIGLO XlX |
|
| 650 | 4 |
_aLITERATURA DOMINICANA _ySIGLO XX |
|
| 700 | 1 |
_aAlcántara Almánzar, José, _esel. |
|
| 700 | 1 |
_aIncháustegui, Arístides, _eed. |
|
| 700 | 1 |
_aDelgado Malagón, Blanca, _eed. |
|
| 830 | 0 |
_aSesquicentenario de la Independencia Nacional. _n10 |
|
| 910 | _aValidado. Control de calidad BNPHU | ||
| 942 |
_2ddc _cBK |
||
| 945 | _aInventariado, 2017/MFF | ||
| 956 |
_aNMORDAN _b10 _c20090923 _lBND01 _h0823 |
||
| 956 |
_aBTAVAREZ _b10 _c20090925 _lBND01 _h0817 |
||
| 956 |
_aMMOLINA _b40 _c20111014 _lBND01 _h1102 |
||
| 956 |
_aVMATEO _b10 _c20150810 _lBPMSU _h00151 |
||
| 999 |
_c8152 _d8152 |
||